Ljubit' knyžku

Podrobná bibliografia
Hlavný autor: Vyšnja, Ostap, 1889-1956 (Autor)
Médium: Článok
Jazyk:ukrajinčina
Fyzický popis:Fotografie
Predmet:

MARC

LEADER 00000nab a2200000 4500
001 vtls012244478
003 SK-MaSNL
005 20260303195628.0
008 231122c2023 xo zr|p || ||00 c0ukr
015 |a SNBRB2023/11 
038 |a SVKPOCL 
040 |a SVKPOCL  |b slo  |c SVKPOCL  |e rda 
041 0 |a ukr 
044 |a xo  |c SK 
072 7 |a 821.161  |x Východoslovanské literatúry  |2 konspekt 
072 7 |a 82-1/-8  |x Literatúra rôznych foriem a žánrov (o nej)  |2 konspekt 
080 |a 821.161.2-3  |2 2011 
080 |a 821.161.2-311.5  |2 2011 
080 |a 821.161.2-3-053.2  |2 2011 
100 1 |a Vyšnja, Ostap,  |d 1889-1956  |4 aut  |9 343085 
245 1 0 |a Ljubit' knyžku  |c Ostap Vyšnja 
300 |b Fotografie 
336 |a text  |b txt  |2 rdacontent 
337 |a bez média  |b n  |2 rdamedia 
338 |a zväzok  |b nc  |2 rdacarrier 
500 |a Hubenko, Pavlo Mychajlovyč pozri Vyšnja, Ostap 
650 0 7 |a ukrajinská próza  |2 svkpocl  |9 82745 
650 0 7 |a ukrajinská literatúra  |2 SNKPH  |9 1218 
650 0 7 |a humoristická próza  |2 SNKPH  |9 85253 
650 0 7 |a ukrajinské poviedky  |2 svkpocl  |9 253127 
650 0 7 |a poviedky pre deti  |2 SNKPH  |9 30931 
773 0 |t Veselka  |g Roč. 71, č. 2 (2023/2024), s. 8 
852 |a SVKPO  |b KIS3GCP 
958 |a SS 
958 |a UA 
958 |a LX 
958 |a DB 
958 |a NM 
999 |c 2163813  |d 2165743